000 00322nam a2200097Ia 4500
082 _a598.910968 CALT
245 0 _aKnow your birds of prey : a pocket guide to the habits and distribution of your birds of prey
100 _a Caltex South Africa, ?
_985340
942 _cBK
008 210817s9999 xx 000 0 und d
999 _c318508
_d318507